00452nam a2200205Ia 4500003000400000005001700004008004100021020002100062040000700083041000800090082001500098100002000113245002600133250000600159260003000165300001600195365001300211650001000224650001200234OSt20230511160313.0210423s2013 xx 000 0 und d a978-0-312-2292-8 cAL aeng a535.2 BOYN aBOYD (Robert W) aNonlinear optics Ed 3 a3 aNew DelhibElsevierc2013 axix,613bPB b425cINR aLight aPhysics